| 000 | 00407nam a2200157Ia 4500 | ||
|---|---|---|---|
| 999 |
_c7435 _d7435 |
||
| 003 | OSt | ||
| 005 | 20220525125736.0 | ||
| 008 | 200302s9999 xx 000 0 und d | ||
| 020 | _a9781473904224 | ||
| 100 | _aBecker, Lucinda | ||
| 245 | _aPresenting Your Research Conferences, Symposiums, Poster Presentations and Beyond | ||
| 260 | _bSAGE Publications | ||
| 260 | _c2014 | ||
| 300 | _a147 | ||
| 942 | _2ddc | ||